00398pab a2200133 454500008004000000100002400040245010000064260000900164300001000173362000900183650001900192700002000211773003300231180718b1988 xxu||||| |||| 00| 0 eng d aO' Conner, Julia S. aPublic welfare expenditure in OECD countriesbTowards a reconciliation of inconsistent findings c1988 a47-68 aMar. aPublic Welfare aRobert J. Bryom aBritish Journal of Sociology